| 000 | 00455nam a2200169 4500 | ||
|---|---|---|---|
| 999 |
_c510238 _d510238 |
||
| 008 | 190808b ||||| |||| 00| 0 eng d | ||
| 100 |
_aKumari D., Lathika _97879 |
||
| 245 | _aPolicing the police - need for judicial vigilance | ||
| 260 | _c2019 | ||
| 300 | _ap.6-15. | ||
| 650 |
_aCourts _97880 |
||
| 650 |
_aJudicial vigilance _97881 |
||
| 700 |
_aShekhar, Beulah _97882 |
||
| 773 | _aIndian Police Journal | ||
| 906 | _aPolice | ||
| 942 |
_2ddc _cAR |
||